A hundred healthful hints to keep you well (Record no. 7113)

MARC details
000 -CABECERA
campo de control de longitud fija 00624nam a2200217 a 4500
001 - NÚMERO DE CONTROL
campo de control BRCA_7437
005 - FECHA Y HORA DE LA ÚLTIMA TRANSACCIÓN
campo de control 20190320205833.0
008 - DATOS DE LONGITUD FIJA--INFORMACIÓN GENERAL
campo de control de longitud fija 110413s1939----nyua######---#000-0#eng-#
041 ## - CÓDIGO DE LENGUA
Código de lengua del texto/banda sonora o título independiente eng
044 ## - CÓDIGO DEL PAÍS DE LA ENTIDAD EDITORA/PRODUCTORA
Código MARC del país nyu
050 #4 - SIGNATURA TOPOGRÁFICA DE LA BIBLIOTECA DEL CONGRESO
Número de clasificación RA781
Número de documento/Ítem .O64 1939
100 1# - ENTRADA PRINCIPAL--NOMBRE DE PERSONA
Nombre de persona O´Neill, Robert J.
9 (RLIN) 18321
245 10 - MENCIÓN DE TÍTULO
Título A hundred healthful hints to keep you well
Resto del título a modern health course in twelve easy lessons
Mención de responsabilidad, etc. by Robert J. O´Neill.
260 ## - PUBLICACIÓN, DISTRIBUCIÓN, ETC.
Lugar de publicación, distribución, etc. Brooklyn, N.Y.
Nombre del editor, distribuidor, etc. American Health Foundation
Fecha de publicación, distribución, etc. c1939
300 ## - DESCRIPCIÓN FÍSICA
Extensión 23 p.
Otras características físicas il.
500 ## - NOTA GENERAL
Nota general Q185
650 14 - PUNTO DE ACCESO ADICIONAL DE MATERIA--TÉRMINO DE MATERIA
Término de materia o nombre geográfico como elemento de entrada Ejercicio
9 (RLIN) 18322
650 14 - PUNTO DE ACCESO ADICIONAL DE MATERIA--TÉRMINO DE MATERIA
Término de materia o nombre geográfico como elemento de entrada Higiene
9 (RLIN) 16391
902 ## - CATALOGADOR
Iniciales GFM
942 ## - ELEMENTOS DE PUNTO DE ACCESO ADICIONAL (KOHA)
Fuente del sistema de clasificación o colocación Library of Congress Classification
Tipo de ítem Koha Libros
Holdings
Estado de retiro Estado de pérdida Estado dañado No para préstamo Localización permanente Ubicación/localización actual Fecha de adquisición Número de inventario Total de préstamos Signatura topográfica completa Código de barras Fecha visto por última vez Precio válido a partir de Tipo de ítem Koha
El ejemplar forma parte de la colección y puede ser consultado según las políticas vigentes.       Biblioteca del Museo Franz Mayer (Rogerio Casas-Alatriste) Biblioteca del Museo Franz Mayer (Rogerio Casas-Alatriste) 09/04/2013 Q185   RA781 .O64 1939 (Q185) 8040 22/03/2019 22/03/2019 Libros